Kolaborácia v medzinárodnom obchode s využitím informačných a komunikačných technológií

Efektívne využívanie elektronických systémov dostupných v súčasnosti môže značnou mierou prispieť ku konkurenčnej výhode podniku a tým aj úspešnému postaveniu v medzinárodnom prostredí. Sféra medzinárodného obchodu a príležitosti pre kolaboráciu vďaka technickému a technologickému pokroku.

Saved in:
Bibliographic Details
Main Author: Poláček, Marian
Other Authors: Čarnogurská, Jozefína
Format: Book Chapter
Language:Slovak
Subjects:
Tags: Add Tag
No Tags, Be the first to tag this record!

MARC

LEADER 00000nla a2200000 4500
001 0223513
005 20240502073646.0
041 0 |a slo 
044 |a SK 
245 1 0 |a Kolaborácia v medzinárodnom obchode s využitím informačných a komunikačných technológií  |c Marian Poláček, Jozefína Čarnogurská 
520 |a Efektívne využívanie elektronických systémov dostupných v súčasnosti môže značnou mierou prispieť ku konkurenčnej výhode podniku a tým aj úspešnému postaveniu v medzinárodnom prostredí. Sféra medzinárodného obchodu a príležitosti pre kolaboráciu vďaka technickému a technologickému pokroku. 
610 2 0 |a obchod medzinárodný 
610 2 0 |a informatika 
610 2 0 |a informatika aplikovaná 
610 2 0 |a stratégia informačná 
610 2 0 |a informácie obchodno-ekonomické 
610 2 0 |a výhody konkurenčné 
610 2 0 |a technológie informačné 
610 2 0 |a technológie komunikačné 
100 1 |a Poláček, Marian 
700 1 |a Čarnogurská, Jozefína